Molecular Biology of the Cell (Record no. 6033)
[ view plain ]
| 000 -LEADER | |
|---|---|
| fixed length control field | 01137cam a22003254a 4500 |
| 001 - CONTROL NUMBER | |
| control field | 12556006 |
| 003 - CONTROL NUMBER IDENTIFIER | |
| control field | OSt |
| 005 - DATE AND TIME OF LATEST TRANSACTION | |
| control field | 20240417165004.0 |
| 008 - FIXED-LENGTH DATA ELEMENTS--GENERAL INFORMATION | |
| fixed length control field | 011004s2002 nyua b 001 0 eng |
| 010 ## - LIBRARY OF CONGRESS CONTROL NUMBER | |
| LC control number | 2001054471 |
| 020 ## - INTERNATIONAL STANDARD BOOK NUMBER | |
| International Standard Book Number | 0815332181 (hardbound) |
| 020 ## - INTERNATIONAL STANDARD BOOK NUMBER | |
| International Standard Book Number | 0815340729 (pbk.) |
| 040 ## - CATALOGING SOURCE | |
| Original cataloging agency | DLC |
| Transcribing agency | DLC |
| Modifying agency | DLC |
| 042 ## - AUTHENTICATION CODE | |
| Authentication code | pcc |
| 050 00 - LIBRARY OF CONGRESS CALL NUMBER | |
| Classification number | QH581.2 |
| Item number | .M64 2002 |
| 082 00 - DEWEY DECIMAL CLASSIFICATION NUMBER | |
| Classification number | 571.6 MOL 2002 |
| Edition number | 21 |
| 100 ## - MAIN ENTRY--PERSONAL NAME | |
| Relator code | Alberts, Bruce; [et..al] |
| 245 00 - TITLE STATEMENT | |
| Title | Molecular Biology of the Cell |
| 250 ## - EDITION STATEMENT | |
| Edition statement | 4th ed. |
| 260 ## - PUBLICATION, DISTRIBUTION, ETC. (IMPRINT) | |
| Place of publication, distribution, etc. | New York; |
| Name of publisher, distributor, etc. | Garland Science, |
| Date of publication, distribution, etc. | 2002. |
| 300 ## - PHYSICAL DESCRIPTION | |
| Extent | xxxiv, [1548] p. : |
| Other physical details | col.ill ; |
| Dimensions | 29 cm. + |
| Accompanying material | 1 CD-ROM (4 3/4 in.) |
| 504 ## - BIBLIOGRAPHY, ETC. NOTE | |
| Bibliography, etc | Includes bibliographical references and index. |
| 650 #0 - SUBJECT ADDED ENTRY--TOPICAL TERM | |
| Topical term or geographic name as entry element | Cytology. |
| 9 (RLIN) | 940 |
| 650 #0 - SUBJECT ADDED ENTRY--TOPICAL TERM | |
| Topical term or geographic name as entry element | Molecular biology. |
| 9 (RLIN) | 8420 |
| 650 #2 - SUBJECT ADDED ENTRY--TOPICAL TERM | |
| Topical term or geographic name as entry element | Cells. |
| 9 (RLIN) | 5832 |
| 856 42 - ELECTRONIC LOCATION AND ACCESS | |
| Materials specified | Publisher description |
| Uniform Resource Identifier | http://www.loc.gov/catdir/enhancements/fy0652/2001054471-d.html |
| 906 ## - LOCAL DATA ELEMENT F, LDF (RLIN) | |
| a | 7 |
| b | cbc |
| c | orignew |
| d | 1 |
| e | ocip |
| f | 20 |
| g | y-gencatlg |
| 942 ## - ADDED ENTRY ELEMENTS (KOHA) | |
| Source of classification or shelving scheme | Dewey Decimal Classification |
| Koha item type | Short Loan |
| Withdrawn status | Lost status | Source of classification or shelving scheme | Damaged status | Not for loan | Home library | Current library | Date acquired | Source of acquisition | Inventory number | Total Checkouts | Full call number | Barcode | Date last seen | Date last checked out | Price effective from | Koha item type |
|---|---|---|---|---|---|---|---|---|---|---|---|---|---|---|---|---|
| Dewey Decimal Classification | MUST Main Library | MUST Main Library | 06/03/2018 | 04/21556 | 2 | 571.6 MOL 2002 | 2018-0157 | 01/05/2021 | 09/04/2021 | 06/03/2018 | Open Shelf | |||||
| Dewey Decimal Classification | MUST Main Library | MUST Main Library | 30/08/2018 | 05/23511 | 2 | 571.6 MOL 2002 | 2018-0296 | 20/05/2021 | 04/05/2021 | 30/08/2018 | Open Shelf | |||||
| Dewey Decimal Classification | MUST Main Library | MUST Main Library | 30/08/2018 | 03/19053 | 571.6 MOL 2002 | 2018-0297 | 30/08/2018 | 30/08/2018 | Open Shelf | |||||||
| Dewey Decimal Classification | MUST Main Library | MUST Main Library | 30/08/2018 | 05/23514 | 2 | 571.6 MOL 2002 | 2018-0298 | 31/05/2021 | 10/04/2021 | Open Shelf | ||||||
| Dewey Decimal Classification | MUST Main Library | MUST Main Library | 30/08/2018 | 05/23513 | 571.6 MOL 2002 | 2018-0299 | 30/08/2018 | Open Shelf |
